Chicago: Louis Tomlinson (ALL LYRICS) - Statistics

General Stats
  • This quiz has been taken 24 times
  • The average score is 279 of 309
Answer Stats
Answer % Correct
a
100%
be.
100%
be
100%
because
100%
can
100%
Chicago
100%
did
100%
didn't
100%
he
100%
I
100%
in
100%
it
100%
It
100%
Just
100%
just
100%
me
100%
me?
100%
So,
100%
that
100%
the
100%
to
100%
we
100%
work
100%
you
100%
You
100%
your
100%
And
93%
and
93%
any
93%
baby
93%
call
93%
doesn't
93%
don't
93%
for
93%
had
93%
how
93%
if
93%
I'm
93%
is
93%
Is
93%
it's
93%
like
93%
mean
93%
mine?
93%
my
93%
names
93%
of
93%
on
93%
out
93%
say
93%
still
93%
They
93%
wear
93%
what
93%
you're
93%
Cause
86%
cause
86%
doin'
86%
going?
86%
Have
86%
have
86%
know
86%
liked?
86%
lonely
86%
meaningless
86%
meant
86%
saw
86%
seen
86%
think
86%
time
86%
use
86%
wasn't
86%
yours
86%
been
79%
brother
79%
fights?
79%
gettin'
79%
jumper
79%
life's
79%
mum
79%
number
79%
okay?
79%
search
79%
sorry
79%
told
79%
bet
71%
Bitter
71%
brought
71%
ends
71%
feel
71%
forgive
71%
Has
71%
I'd
71%
I've
71%
long
71%
myself
71%
Oh,
71%
Or
71%
remember
71%
sweet
71%
turn
71%
Would
71%
would
71%
you'd
71%
always
64%
away?
64%
better
64%
enough
64%
grateful
64%
I'll
64%
keep
64%
made
64%
much
64%
No,
64%
sometimes
64%
walk
57%
wondering
57%
truth
43%
No matching quizzes found
Score Distribution
Percent of People with Each Score
Percentile by Number Answered
Your Score History
You have not taken this quiz